Waste and the want: Thoughts on the future (Record no. 28075)

MARC details
000 -LEADER
fixed length control field 00290nam a2200109Ia 4500
082 ## - DEWEY DECIMAL CLASSIFICATION NUMBER
Classification number 301
Item number THA
100 ## - MAIN ENTRY--AUTHOR NAME
Personal name Thapar, Romesh
245 #0 - TITLE STATEMENT
Title Waste and the want: Thoughts on the future
260 ## - PUBLICATION, DISTRIBUTION, ETC. (IMPRINT)
Place of publication New Delhi
Name of publisher Orient Longman
Year of publication 1978
942 ## - ADDED ENTRY ELEMENTS (KOHA)
Koha item type Books
Holdings
Withdrawn status Lost status Damaged status Not for loan Home library Current library Date acquired Cost, normal purchase price Full call number Accession Number Koha item type
        RRII Library RRII Library 16/12/2021 40.00 301 THA 08684 Books